ARRUPE JESUIT UNIVERSITY

CORONAVIRUS -STOP THE SPREAD - CLEAN,DISINFECT,COVER

Empowering the parents (Record no. 119354)

MARC details
000 -LEADER
fixed length control field 00544nam a22001577a 4500
008 - FIXED-LENGTH DATA ELEMENTS--GENERAL INFORMATION
fixed length control field 131219b xxu||||| |||| 00| 0 eng d
020 ## - INTERNATIONAL STANDARD BOOK NUMBER
International Standard Book Number 0255362706
050 ## - LIBRARY OF CONGRESS CALL NUMBER
Classification number LC226.65.G7
245 ## - TITLE STATEMENT
Title Empowering the parents
Remainder of title how to break the schools monopoly
Statement of responsibility, etc edited by David G. Green [et al]
260 ## - PUBLICATION, DISTRIBUTION, ETC. (IMPRINT)
Place of publication, distribution, etc London
Name of publisher, distributor, etc IEA Health and Welfare Unit
Date of publication, distribution, etc 1991
300 ## - PHYSICAL DESCRIPTION
Extent ix, 90p.;
Dimensions 22cm.
440 ## - SERIES STATEMENT/ADDED ENTRY--TITLE
Title Choice in Welfare
Number of part/section of a work No.9
9 (RLIN) 5959
650 ## - SUBJECT ADDED ENTRY--TOPICAL TERM
Topical term or geographic name as entry element Parents and teachers
Geographic subdivision Great Britain
9 (RLIN) 5961
700 ## - ADDED ENTRY--PERSONAL NAME
Personal name Green, David G. (ed.)
9 (RLIN) 5960
942 ## - ADDED ENTRY ELEMENTS (KOHA)
Source of classification or shelving scheme Library of Congress Classification
Item type Monograph ( Printed materials)
Holdings
Withdrawn status Lost status Source of classification or shelving scheme Damaged status Not for loan Home library Current library Shelving location Date acquired Total Checkouts Full call number Barcode Date last seen Price effective from Koha item type
    Library of Congress Classification     ARRUPE LIBRARY ARRUPE LIBRARY Main Collection 19/12/2013   LC226.65.G7 464122589 28/06/2018 19/12/2013 Monograph ( Printed materials)

 

Arrupe Library. PO Box MP320 Mt Pleasant, Harare, Zimbabwe
263 242 745411|librarian@aju.ac.zw